| 000 | 01456nam2a22002411 4500 | ||
|---|---|---|---|
| 001 | rc\4612192 | ||
| 005 | 20250611205539.0 | ||
| 035 | _a(NLR Aleph) 008394666 | ||
| 090 |
_a9198775 _c9198775 |
||
| 100 | _a20130416d1961 |||y0rusy50 ca | ||
| 101 | 0 | _arus | |
| 102 | _aRU | ||
| 105 | _ay z ||||| | ||
| 200 | 1 | _aСекция электронной техники | |
| 210 |
_d1961 _aБ. м. |
||
| 215 | _a12 с. | ||
| 333 | _aРассылается по списку. Экз. № 294 | ||
| 461 | 0 |
_1001rc\4612184 _12001#$aТезисы докладов$fМ-во высш. и сред. спец. образ. РСФСР. Моск. ордена Ленина энергет. ин-т. Науч.-техн. конференция по итогам науч.-исслед. работ за 1960 год$v[8] _99198728 _aМосковский энергетический институт. Научно-техническая конференция по итогам научно-исследовательских работ за 1960 г. (1961) _cМосква _d1961 _fМ-во высш. и сред. спец. образ. РСФСР. Моск. ордена Ленина энергет. ин-т. Науч.-техн. конференция по итогам науч.-исслед. работ за 1960 год _nБ. и. _tТезисы докладов _v[8] |
|
| 801 | 0 |
_aRU _bNLR _gpsbo |
|
| 801 | 1 |
_aRU _bELAR _2rusmarc |
|
| 852 |
_aNLR _j61-4/4229 |
||
| 942 | _cBOOK | ||
| 980 | _aNB | ||